000
00269 a2200109 4500
001
54963
082
_a
620.1123 LEE
090
_c
34053
_d
34053
100
_a
Lee- Li, Yung
245
_a
Fatigue testing and analysis
260
_a
USA
_b
Butterworth Heinmann, USA
_c
2005
942
_a
NUST-CAE
_k
620.1123 LEE
999
_c
290036
_d
290036